| 000 | 01055nam a22003017a 4500 | ||
|---|---|---|---|
| 005 | 20240530110439.0 | ||
| 008 | 150418s2010 ua g 000 0 ara d | ||
| 017 |
_a2010/4401 _bمصر . دار الكتب المصرية |
||
| 020 | _a9789772936363 | ||
| 040 | _aEG-CaGPL | ||
| 082 | 0 | 4 |
_221 _a618.1\ _bم ط |
| 100 | 0 | _aمحمد كامل عبدالصمد. | |
| 245 | 1 | 0 |
_aطب المرأة .. لغز محير : _bامراض نسائية غامضة / _cمحمد كامل عبدالصمد . |
| 250 | _aط1. | ||
| 260 |
_aالقاهرة : _bمكتبة الدار العربية للكتاب ، _c2010. |
||
| 300 |
_a214 ص ؛ _c24 سم. |
||
| 650 | 0 | 4 |
_aالنساء _xامراض. |
| 650 | 0 | 4 | _aسرطان الرحم. |
| 650 | 0 | 4 | _aالضعف الجنسى. |
| 650 | 0 | 4 | _aعرق النسا. |
| 650 | 0 | 4 | _aالام الظهر. |
| 650 | 0 | 4 | _aالام المفاصل. |
| 650 | 0 | 4 | _aسن اليأس. |
| 650 | 0 | 4 | _aالانيميا. |
| 650 | 0 | 4 | _aالتهاب المثانة |
| 942 |
_2ddc _cBK |
||
| 999 |
_c61014 _d61014 |
||